000 00357nam a2200157Ia 4500
003 Ost
005 20260225132557.0
008 260225s9999||||xx |||||||||||||| ||und||
040 _cfsic
041 _afre
082 _a302.23
100 _aPierre albert
_eAuteur
245 0 _aLexique de la presse écrite /
245 0 _cPierre albert
942 _cكتاب
999 _c34520
_d34520